Phương pháp nuôi gà thả vườn

Spremljeno u:
Bibliografski detalji
Glavni autor: Việt Chương
Format: Knjiga
Jezik:Undetermined
Izdano: Đà nẵng Đà Nẵng 2003
Teme:
Oznake: Dodaj oznaku
Bez oznaka, Budi prvi tko označuje ovaj zapis!
Thư viện lưu trữ: Trung tâm Học liệu Trường Đại học Cần Thơ
LEADER 00545nam a2200205Ia 4500
001 CTU_58878
008 210402s9999 xx 000 0 und d
020 |b 10000 
082 |a 636.5 
082 |b V308 
100 |a Việt Chương 
245 0 |a Phương pháp nuôi gà thả vườn 
245 0 |c Việt Chương 
260 |a Đà nẵng 
260 |b Đà Nẵng 
260 |c 2003 
650 |a poultry,chicken 
650 |x breeding 
904 |i Minh 
980 |a Trung tâm Học liệu Trường Đại học Cần Thơ